000 00655nam a2200229Ia 4500
003 OSt
005 20220923225127.0
006 a|||||r|||| 00| 0
007 ta
008 220922b |||||||| |||| 00| 0 hin d
024 _a257,929
037 _cTextual
040 _aARTS
_cARTS
_bhin
041 _2hin
_ahin
082 _aY:1.25292.N1, 152M1
100 _aअब्दुल हलीम शरर
245 0 _aगुज़श्तः लखनऊ
246 _aGuज़shtah lakhanaū
260 _c1981
942 _hY:1.25292.N1, 152M1
_cTEXL
_2CC
999 _c376257
_d376257